Missing Middles: 'The' Movies Quiz Stats

 Plays Quiz Updated Jun 26, 2015

Challenge
Share
Tweet
Embed
Score 0/40 Timer 05:00
2 Plays Today
% Correct
Pink
98.6%
Incredible
98.4%
Sixth
97.8%
Lone
97.5%
Shawshank
95.5%
Parent
95%
Color
94.7%
Green
94.4%
Odd
92.8%
Blind
90.5%
Full
89.9%
Dirty
89.8%
Gold
88.5%
Social
88.5%
Deer
86.9%
Butterfly
86.6%
Cable
86.2%
Right
85.8%
English
84.8%
French
84.6%
% Correct
Magnificent
84.2%
Royal
83.5%
Maltese
82.3%
Court
81.2%
Adjustment
80.6%
Iron
80.1%
Fortune
78.9%
African
78.3%
Lost
76.7%
Crying
76.7%
Two
74.7%
Cannonball
70.6%
Matrix
69.9%
Constant
69.8%
Miracle
69.6%
Andromeda
69.2%
Paper
68.5%
Dark
65.6%
China
63.8%
Seventh
63.3%

You're not logged in!

Compare scores with friends on all Sporcle quizzes.
Join for Free
OR
Log In

You Might Also Like...

Show Comments

Extras

Top Quizzes Today


Score Distribution

Your Account Isn't Verified!

In order to create a playlist on Sporcle, you need to verify the email address you used during registration. Go to your Sporcle Settings to finish the process.

Report this User

Report this user for behavior that violates our Community Guidelines.

Details: